000 01387cad a22002415a 4500
001 L144268
008 080707s2008 xxk df s 000 0 eng d
020 _a9781847811684
035 _a(Sirsi) u144268
041 0 _aeng
050 0 4 _a333.3332 GRE $2 22
110 2 _aLondon
_bGreater London Authority
_93989
245 0 0 _aCredit crunch and the property market
_h[electronic resource]
260 _aLondon
_bGreater London Authority
_c2008
505 2 _aExecutive summary -- Introduction -- Credit crunch and property: introductory overview -- Recent London property market trends -- Market forecasts -- Policy implications
520 _aThis report analyses the impact of the credit crunch on the property markets of London and on property-related policies. provides framework to assess the implications of the credit crunch on the london property market. Compares recent trends with those of previous recessions in office, retail and residential property markets. Forecasts rental and capital value growths. Provides results for retail and office markets.
590 _aKA
651 4 _aLondon
690 _aPROPERTY-COMMERCIAL PROPERTY-COMMERCIAL PROPERTY MARKET
690 _aPROPERTY-RESIDENTIAL PROPERTY-RESIDENTIAL PROPERTY MARKET
856 4 0 _uhttps://www.london.gov.uk/publication/credit-crunch-and-property-market
_zView this item at www.london.gov.uk
942 _n0
999 _c108430
_d108430